|
|
|
|
| LEADER |
00000nab a2200000 ar4500 |
| 001 |
vtls008963519 |
| 003 |
SK-MaSNL |
| 005 |
20260307070239.0 |
| 008 |
070412c2007 xo sr|p|||||||000 b|slo |
| 015 |
|
|
|a SNBRB2007/04
|2 snkbucl
|
| 038 |
|
|
|a SNKBUCL
|
| 040 |
|
|
|a SNKBUCL
|b slo
|c SNKBUCL
|e AACR2
|
| 041 |
|
|
|a slo
|
| 044 |
|
|
|a xo
|c SK
|
| 080 |
|
|
|a 2-051
|2 2001
|
| 080 |
|
|
|a 929 Hanus, Ladislav
|2 2001
|
| 080 |
|
|
|a 101.9-051
|2 2001
|
| 100 |
1 |
|
|a Kániková, Margita,
|d 1940-
|4 aut
|9 134756
|
| 245 |
1 |
0 |
|a Ladislav Hanus - symbol slovenskej kultúrnosti
|c Margita Kániková
|
| 300 |
|
|
|b Fotogr.
|
| 600 |
1 |
7 |
|a Hanus, Ladislav,
|d 1907-1994
|2 snkbucl
|9 86303
|
| 648 |
|
7 |
|a 1.3.2007
|2 snkbucl
|9 1064153
|
| 650 |
0 |
7 |
|a spomienky
|2 snkbucl
|9 55795
|
| 651 |
|
7 |
|a Trnava (Slovensko)
|2 snkbucl
|9 19407
|
| 773 |
0 |
|
|t Slovenské národné noviny
|g Roč. 18 (22), č. xx (2007), s.
|x 0862-8823
|
| 852 |
|
|
|a SNK
|b KIS3GCP
|
| 958 |
|
|
|a BX
|
| 999 |
|
|
|c 1756841
|d 1758771
|